| 000 | 00391pab a2200157 454500 | ||
|---|---|---|---|
| 008 | 180718b2007 xxu||||| |||| 00| 0 eng d | ||
| 100 | _aShastree, Nalin K. | ||
| 245 | _aBringing a renaissance in examinations through objectivity | ||
| 260 | _c2007 | ||
| 300 | _ap.14-18, 21. | ||
| 362 | _a31 Dec | ||
| 650 | _aExaminations | ||
| 773 | _aUniversity News | ||
| 908 | _aN | ||
| 909 | _a76783 | ||
| 999 |
_c76783 _d76783 |
||